[Event "Challenge"]
[Site "http://www.queenalice.com/game.php?id=23180"]
[Date "2005.8.8"]
[Round "-"]
[White "pepeillo"]
[Black "Rbar2004"]
[Result "0-1"]
[WhiteElo "1446"]
[BlackElo "1451"]

1. b3 d5 2. Bb2 Nf6 3. Bxf6 gxf6 4. e3 Bg7 5. Nc3 f5 6. d4 Be6 7. g3 a6 8. a4 c6
9. Bg2 Qa5 10. Ne2 Nd7 11. O-O c5 12. dxc5 Bxc3 13. Nxc3 Qxc3 14. c6 Qxc6 15.
Qd4 O-O-O 16. Rac1 Qc5 17. Qf4 Rdg8 18. c4 dxc4 19. bxc4 Ne5 20. Rfd1 Rd8 21.
Bf1 Rxd1 22. Rxd1 h5 23. Qg5 Nf3+ 0-1

[Event "Invitation"]
[Site "http://www.queenalice.com/game.php?id=25335"]
[Date "2005.8.23"]
[Round "-"]
[White "kligw"]
[Black "Rbar2004"]
[Result "1-0"]
[WhiteElo "1839"]
[BlackElo "1414"]

1. c4 d6 2. Nf3 Bg4 3. e4 e5 4. d3 Nc6 5. Be2 h6 6. Be3 Bxf3 7. Bxf3 Nf6 8. Nc3
Qd7 9. O-O Be7 10. Nd5 h5 11. a3 g6 12. b4 Ng4 13. b5 1-0

[Event "Invitation"]
[Site "http://www.queenalice.com/game.php?id=25336"]
[Date "2005.8.23"]
[Round "-"]
[White "Rbar2004"]
[Black "kligw"]
[Result "0-1"]
[WhiteElo "1414"]
[BlackElo "1839"]

1. e4 c5 2. Nf3 d6 3. Nc3 Nc6 4. Bb5 Bd7 5. d4 cxd4 6. Nxd4 a6 7. Be2 Nf6 8. Bf3
e6 9. Nxc6 bxc6 10. Be3 Be7 11. Na4 c5 12. Nc3 Rb8 0-1

[Event "Challenge"]
[Site "http://www.queenalice.com/game.php?id=35310"]
[Date "2005.10.28"]
[Round "-"]
[White "kligw"]
[Black "Rbar2004"]
[Result "1-0"]
[WhiteElo "1915"]
[BlackElo "1508"]

1. e4 e5 2. Nf3 Nf6 3. Nxe5 d6 4. Nf3 Nxe4 5. d4 Be7 6. Bd3 Nf6 7. Nc3 a6 8. Bg5
h6 9. Bh4 Be6 10. O-O Nh5 11. Bxe7 Qxe7 12. d5 Bxd5 13. Nxd5 Qd8 14. Re1+ Kf8
15. Qe2 Nc6 16. Qe4 g6 17. Nd4 f5 18. Ne6+ Kg8 19. Qc4 Qc8 20. Nexc7 Kh7 21.
Nxa8 Qxa8 22. Nf6+ Kg7 23. Nxh5+ gxh5 24. Qe6 Qf8 25. Bxf5 Qf7 26. Qxf7+ Kxf7
27. Re3 Kf6 28. Bh3 1-0

[Event "Challenge"]
[Site "http://www.queenalice.com/game.php?id=35311"]
[Date "2005.10.28"]
[Round "-"]
[White "Rbar2004"]
[Black "kligw"]
[Result "0-1"]
[WhiteElo "1508"]
[BlackElo "1913"]

1. e4 c5 2. Bc4 e6 3. Nf3 a6 4. a4 Nf6 5. e5 Nd5 6. Bxd5 exd5 7. d3 Be7 8. b3
Nc6 9. Bb2 O-O 10. O-O d4 11. c3 dxc3 12. Nxc3 d5 13. d4 cxd4 14. Nxd4 Nxe5 15.
Re1 Nc6 16. Rc1 Bf6 17. Nxc6 bxc6 18. Ba3 Re8 19. Bd6 Be6 20. Be5 Bxe5 21. Rxe5
Qf6 22. Qe2 Bd7 23. Re1 Rxe5 24. Qxe5 Qxe5 25. Rxe5 Kf8 26. Na2 Rb8 27. Nc1 Rb4
28. Kf1 f6 0-1

[Event "Bora Patinho !!"]
[Site "http://www.queenalice.com/game.php?id=39938"]
[Date "2005.11.26"]
[Round "-"]
[White "juba"]
[Black "Rbar2004"]
[Result "0-1"]
[WhiteElo "1163"]
[BlackElo "1528"]

1. e4 e5 2. Nf3 Nf6 3. Bd3 d6 4. O-O Nc6 5. Bb5 Bd7 6. Ng5 h6 7. Nf3 Nxe4 8. d3
Nf6 9. Nc3 a6 10. Bc4 b5 11. Bb3 Na5 12. Bd2 Nxb3 13. axb3 Bc6 14. Qe2 Be7 15.
d4 e4 16. Nh4 d5 17. Nf5 Bf8 18. f3 g6 19. Ng3 b4 20. Na2 a5 21. fxe4 dxe4 22.
Rf4 g5 23. Rf2 Bg7 24. Nf5 O-O 25. c3 Re8 26. Ng3 Rb8 27. Nf5 bxc3 28. Bxc3 Bb5
29. Qd2 Ng4 30. Ne7+ Rxe7 31. Rf5 e3 32. Qd3 Bxd3 33. Rxa5 Bxd4 0-1

[Event "Bora Patinho !!"]
[Site "http://www.queenalice.com/game.php?id=39939"]
[Date "2005.11.26"]
[Round "-"]
[White "Rbar2004"]
[Black "juba"]
[Result "1-0"]
[WhiteElo "1508"]
[BlackElo "1151"]

1. e4 e5 2. Nf3 Nc6 3. Bb5 Nb8 4. Qe2 f6 5. O-O c6 6. Bc4 Ne7 7. Nc3 d6 8. d4
Bg4 9. dxe5 fxe5 10. Nxe5 dxe5 11. Qxg4 Qc7 12. Rd1 h5 13. Qf3 g6 14. Qf7# 1-0

[Event "desafio"]
[Site "http://www.queenalice.com/game.php?id=92792"]
[Date "2006.8.4"]
[Round "-"]
[White "Rbar2004"]
[Black "Sandrio2006"]
[Result "1-0"]
[WhiteElo "1531"]
[BlackElo "1475"]

1. e4 a6 2. d4 Nf6 3. Nc3 e6 4. e5 Ng8 5. Qf3 Bb4 6. Bd2 Nc6 7. Qg4 h5 8. Qxg7
Ke7 9. Qxh8 Nxd4 10. Bg5+ f6 11. Qg7+ Ke8 12. Qxg8+ Ke7 13. Bxf6# 1-0

[Event "Aprendendo"]
[Site "http://www.queenalice.com/game.php?id=112179"]
[Date "2006.10.2"]
[Round "-"]
[White "Rbar2004"]
[Black "clk"]
[Result "1-0"]
[WhiteElo "1551"]
[BlackElo "1633"]

1. e4 e5 2. Nf3 Nc6 3. c3 Nf6 4. Bb5 Nxe4 5. d3 Nd6 6. Bxc6 dxc6 7. Nxe5 Qe7 8.
O-O Qxe5 9. Re1 Qxe1+ 10. Qxe1+ Be7 11. Bg5 f6 12. Bf4 Bf5 13. d4 g5 14. Bxd6
cxd6 15. Nd2 d5 16. c4 Rd8 17. c5 Rd7 18. Nf3 O-O 19. h3 Be4 20. Nd2 Bd3 21.
Qe6+ Rf7 22. Qxd7 Bxc5 23. Qe8+ Bf8 24. Re1 Bg6 25. Qd8 Kg7 26. f4 b5 27. fxg5
Bb4 28. Re8 Bf8 29. Nf3 h6 30. gxh6+ Kg8 31. Re6 Rh7 32. Rxf6 Bf7 33. Ng5 1-0

[Event "Challenge"]
[Site "http://www.queenalice.com/game.php?id=118615"]
[Date "2006.10.18"]
[Round "-"]
[White "Rbar2004"]
[Black "oaoj"]
[Result "1-0"]
[WhiteElo "1529"]
[BlackElo "1464"]

1. e4 g6 2. Nf3 Nf6 3. Nc3 Bg7 4. e5 Ng4 5. d4 d6 6. h3 Nh6 7. Bf4 Nd7 8. Qd2
Nf5 9. g4 dxe5 10. dxe5 Nh6 11. Bxh6 Bxh6 12. Qxh6 Nb6 13. Rd1 Bd7 14. e6 fxe6
15. Bd3 Bc6 16. Bxg6+ hxg6 17. Qxh8+ Kf7 18. Ne5# 1-0

[Event "street player"]
[Site "http://www.queenalice.com/game.php?id=150131"]
[Date "2007.1.4"]
[Round "-"]
[White "Rbar2004"]
[Black "rmvwoods"]
[Result "1-0"]
[WhiteElo "1581"]
[BlackElo "1749"]

1. e4 e5 2. Nf3 Nc6 3. c3 Nf6 4. Bb5 Nxe4 5. d3 Nf6 6. Bxc6 bxc6 7. Nxe5 Qe7 8.
O-O d6 9. Nxc6 Qd7 10. Re1+ Be7 11. Rxe7+ Qxe7 12. Nxe7 Kxe7 13. c4 Re8 14. Nc3
Kf8 15. Nb5 Re7 16. b3 Bb7 17. Bb2 a6 18. Bxf6 gxf6 19. Nd4 c5 20. Nf5 Re5 21.
Qg4 Rd8 22. Qg7+ Ke8 23. Qxf6 Re6 24. Ng7+ 1-0

[Event "go man"]
[Site "http://www.queenalice.com/game.php?id=152948"]
[Date "2007.1.11"]
[Round "-"]
[White "Rbar2004"]
[Black "crevice"]
[Result "1-0"]
[WhiteElo "1634"]
[BlackElo "1864"]

1. e4 e5 2. Nf3 Nc6 3. c3 d5 4. exd5 Qxd5 5. d3 Nf6 6. h3 Bc5 7. Be2 Be6 8. O-O
O-O 9. Be3 Rad8 10. Bxc5 Qxc5 11. Qc2 Nb4 12. Qd1 Nxd3 13. Bxd3 e4 14. Nd4 exd3
15. Nd2 Bc4 16. Qf3 Bd5 17. Qxd3 Qb6 18. Qc2 Nh5 19. g3 Qh6 20. Kh2 c5 21. Nf5
Qf6 22. Ne3 Qg5 23. Nxd5 Rxd5 24. Rad1 Rfd8 25. Ne4 Qf5 26. f3 Nf6 27. Nxf6+
Qxf6 28. Rxd5 Rxd5 29. Rf2 Qd6 30. Qe4 f5 31. Qe8+ Qf8 32. Qe6+ Qf7 33. Qc8+ Qf8
34. Qxb7 Qd8 35. Qb3 Kf8 36. g4 f4 37. Qc2 Qh4 38. Rg2 g6 39. Qe4 Qg5 40. Re2
Kg7 41. Qe7+ Qxe7 42. Rxe7+ Kh6 43. Re2 Kg5 44. c4 Rd3 45. Kg2 Re3 46. Rxe3 fxe3
47. Kg3 Kf6 48. f4 g5 49. f5 1-0

[Event "street player"]
[Site "http://www.queenalice.com/game.php?id=170254"]
[Date "2007.2.17"]
[Round "-"]
[White "Rbar2004"]
[Black "jablonski"]
[Result "1-0"]
[WhiteElo "1615"]
[BlackElo "1563"]

1. e4 e5 2. Nf3 Nc6 3. c3 Nf6 4. Bb5 a6 5. Bxc6 dxc6 6. d3 Bd6 7. h3 h6 8. Be3
Be6 9. Qc2 Qe7 10. a3 O-O 11. Nbd2 Rad8 12. d4 exd4 13. cxd4 Rd7 14. e5 Bxe5 15.
dxe5 Nd5 16. Bc5 Bf5 17. Qxf5 Qxc5 18. Qxd7 Qc2 19. b4 Qc3 20. O-O Ne3 21. fxe3
Qxe3+ 22. Rf2 g6 23. Qxc7 Qc3 24. Re1 Qxa3 25. Qxb7 a5 26. bxa5 Qxa5 27. Qxc6
Kh7 28. Qf6 Qa8 29. e6 fxe6 30. Qe7+ Kh8 31. Rxe6 Qa1+ 32. Rf1 Qg7 33. Qxg7+
Kxg7 34. Ne5 Rxf1+ 35. Kxf1 1-0

[Event "Challenge"]
[Site "http://www.queenalice.com/game.php?id=192499"]
[Date "2007.4.5"]
[Round "-"]
[White "Rbar2004"]
[Black "ocmpa"]
[Result "1-0"]
[WhiteElo "1667"]
[BlackElo "1719"]

1. e4 e5 2. Nf3 Nc6 3. c3 Nf6 4. Bb5 Nxe4 5. d3 Ng5 6. Bxg5 f6 7. Be3 a6 8. Bxc6
dxc6 9. O-O c5 10. Nh4 Be6 11. f4 exf4 12. Bxf4 Bd6 13. Bxd6 cxd6 14. Qh5+ Bf7
15. Re1+ Kf8 16. Qf3 d5 17. Nd2 Qb6 18. b3 c4+ 19. d4 g5 20. Nf5 Re8 21. Nh6 Bg6
22. Qxd5 Kg7 23. Nxc4 Qd8 24. Nf5+ Bxf5 25. Qxf5 Rxe1+ 26. Rxe1 Re8 27. Rxe8
Qxe8 28. Kf2 b5 29. Nd6 Qe7 30. Qd5 h5 31. Nf5+ Kf8 32. Nxe7 1-0

[Event "Challenge"]
[Site "http://www.queenalice.com/game.php?id=208356"]
[Date "2007.5.9"]
[Round "-"]
[White "Rbar2004"]
[Black "jpolgar99"]
[Result "1-0"]
[WhiteElo "1690"]
[BlackElo "1765"]

1. e4 c6 2. Nc3 d5 3. Qf3 dxe4 4. Nxe4 Nd7 5. Bc4 Ngf6 6. d4 e6 7. Bd2 Be7 8.
Nh3 Qb6 9. Bc3 Bb4 10. O-O-O Nxe4 11. Qxe4 Bxc3 12. bxc3 Nf6 13. Qf3 Qa5 14. Bb3
Qb5 15. Rhe1 a5 16. Re5 Qb6 17. a4 O-O 18. g4 Bd7 19. Rg1 Qc7 20. Nf4 c5 21. Nh5
Ne8 22. g5 b6 23. Nf6+ Nxf6 24. gxf6 g6 25. Qh5 Qd8 26. Qg5 b5 27. Rg4 bxa4 28.
Ba2 Rb8 29. dxc5 a3 30. h4 Rb2 31. Rf4 Rxa2 32. Qh6 Ra1+ 33. Kd2 Bb5+ 34. Rd5
Qxf6 35. Rxf6 exd5 36. Rb6 Bc4 37. c6 a2 38. c7 Rd1+ 39. Kxd1 a1=Q+ 40. Kd2 Re8
41. Qe3 Rxe3 42. c8=Q+ Kg7 43. fxe3 Qf1 44. Qc5 a4 45. Qd4+ Kh6 46. Rf6 Qe2+ 47.
Kc1 a3 48. Qf4+ 1-0

[Event "Challenge"]
[Site "http://www.queenalice.com/game.php?id=302836"]
[Date "2007.11.12"]
[Round "-"]
[White "Rbar2004"]
[Black "TheBigSid"]
[Result "0-1"]
[WhiteElo "1713"]
[BlackElo "1955"]

1. e4 e6 2. d4 d5 3. e5 c5 4. Qg4 cxd4 5. Qxd4 Nc6 6. Qf4 Bc5 7. Bb5 Ne7 8. Bd2
Bd7 9. Nf3 Ng6 10. Qg3 Ncxe5 11. Bg5 Qa5+ 12. c3 Nxf3+ 0-1